000 00874nmm a2200313 a 4500
003 AR-BaBNM
005 20251128204040.0
008 286019s1983 ||||||||||||||000 | spa||
040 _cAR-BaBNM
110 2 _aUNESCO
245 1 0 _aAmérica Latina en sus lenguas indígenas
260 _aCaracas
_bUnesco
_bMonte Avila
_c1983
300 0 _a476 p.
_bil., mapas
500 0 _aContiene referencias bibliográficas en p. 383
650 4 _aFILOLOGIA
650 4 _aSOCIOLINGUISTICA
650 4 _aETNOLINGUISTICA
650 4 _aLENGUAS INDIAS SUDAMERICANAS
650 4 _aLENGUAS INDIAS CENTROAMERICANAS
650 4 _aLENGUAS AMERINDIAS
650 4 _aANTROPOLOGIA
650 4 _aCULTURAS LATINOAMERICANAS
653 0 _aGUARANI
653 0 _aQUECHUA
653 0 _aCULTURAS PRECOLOMBINAS
700 1 _aPottier, Bernard
_etraductor
942 _cBK
998 _cMARTIN
999 _c5955
_d5955